| 000 | 01674cam a2200445 i 4500 | ||
|---|---|---|---|
| 001 | 2779 | ||
| 003 | FISKH | ||
| 005 | 20240115112626.0 | ||
| 008 | 090327s2009 nyuab j 6 001 1deng | ||
| 010 | _a 2009925458 | ||
| 020 | _a9780764162442 (hardcover) | ||
| 020 | _a0764162446 | ||
| 020 | _a9780764142772 (pbk.) | ||
| 020 | _a0764142771 | ||
| 040 |
_aDLC _beng _erda _cDLC _dDLC |
||
| 042 |
_alcac _apcc |
||
| 050 | 0 | 0 |
_aPZ7.7.P532 _bRom 2009 |
| 082 | 0 | 0 |
_a741.5/973 _223 |
| 100 | 1 |
_aPipe, Jim, _d1966- _eadapter. |
|
| 245 | 1 | 0 |
_aRomeo & Juliet / _cWilliam Shakespeare ; illustrated by Penko Gelev ; retold by Jim Pipe. |
| 246 | 3 | _aRomeo and Juliet | |
| 250 | _aFirst edition for North America (including Canada and Mexico) | ||
| 260 |
_aHauppauge, NY : _bBarron's, _c2009. |
||
| 300 |
_a48 pages : _bchiefly color illustrations, color map ; _c26 cm |
||
| 336 |
_atext _btxt _2rdacontent |
||
| 336 |
_astill image _bsti _2rdacontent |
||
| 337 |
_aunmediated _bn _2rdamedia |
||
| 338 |
_avolume _bnc _2rdacarrier |
||
| 490 | 0 | _aGraphic classics | |
| 500 | _aIncludes index. | ||
| 520 | _a"When teenagers Romeo and Juliet meet at a masked ball, it's love at first sight. But Romeo is a Montague and Juliet a Capulet--and the two families are sworn enemies. Watch tragedy unfold as the 'star-crossed' lovers try to overcome the obstacles ahead of them"-- | ||
| 650 | 1 | _aGraphic novels. | |
| 650 | 1 |
_aLove _vFiction. |
|
| 650 | 1 |
_aVendetta _vFiction. |
|
| 651 | 1 |
_aItaly _xHistory _y16th century _vFiction. |
|
| 655 | 0 | _aGraphic novels. | |
| 700 | 1 |
_aGelev, Penko, _eillustrator. |
|
| 906 |
_a7 _bcbc _corignew _d2 _eepcn _f20 _gy-gencatlg |
||
| 942 |
_2ddc _cBK _n0 |
||
| 999 |
_c2779 _d2779 |
||